000 00408nam a22001697a 4500
005 20170825172239.0
008 160628b xxu||||| |||| 00| 0 eng d
020 _a978-93-5014-031-4
041 _aeng
082 _b11318
100 _aTarlok Singh
_93068
245 _aBasic Electrical Engineering
260 _bKatson Books
_c2012
300 _a292
650 _aDiploma Engineering
_9817
942 _cBK
999 _c4461
_d4460